000 00354nam a2200145 i 4500
001 bg
100 1 _aSCHUBERT, Max
245 0 _aVvedenie v nelinejnuju optiku /
_cMax Schubert, Bernd Winhelmi.
260 _aMoskva,
_c1973.
700 1 _aWINHELMI, Bernd
040 _cBPK
041 _apol
942 _cKS
008 s pl f |000 0 pol
999 _c15730
_d15730
856 _uhttp://koha.tu.koszalin.pl/cgi-bin/koha/opac-detail.pl?biblionumber=15730
_yKatalog online BPK